000 01461nam a22002297a 4500
999 _c60252
_d60252
003 Ge_BSU
005 20230622111710.0
008 230622s1993 ge ||||| |||| 00| 0 geo d
041 _ageo
080 _a902.2(479.223) კ-36
100 _aკახიძე, ამირან
_918887
245 _aაჭარისწყლის ხეობის უძველესი არქეოლოგიური ძეგლები /
_cამირან კახიძე, შ. მამულაძე; რედ. ა. ცეცხვაია; საქ. რესპუბლიკის მეცნიერებათა აკადემია. ბათუმის ნ. ბერძენიშვილის სახ. სამეც. კვლევ. ინ-ტი.
264 _aბათუმი :
_bაჭარის ჟურნ.-გაზეთ. გამ-ბა,
_c1993.
300 _a86 გვ. :
_bტაბ. ;
_c20 სმ.
504 _aბიბლიოგრ. ტექსტის შენიშვნ.
520 _aრეზ. რუს. ენ.
653 _aარქეოლოგიური გათხრები აჭარაში
653 _aაჭარის არქეოლოგიური ძეგლები
700 _aმამულაძე, შ.
_eავტორი
_918888
700 _aცეცხვაია, ა.
_eრედაქტორი
_918889
942 _2udc
_cBK